| 000 | 01023cam a2200229 i 4500 | ||
|---|---|---|---|
| 005 | 20251126103607.0 | ||
| 008 | 250721s2011 xx gr 000 0 ara d | ||
| 082 | 1 | 4 |
_a211.72 _bك ر م |
| 100 | 1 |
_aالحنبلي، مرعي بن يوسف الكرمي، _d- (ت1033ه- 1624م)، _eمصنف. |
|
| 245 | 1 | 0 |
_aقلائد المرجان في الناسخ و المنسوخ من القرآن / _cتصنيف العالم الفاضل الشيخ مرعي بن يوسف الكرمي الحنبلي ؛ دراسة وتحقيق د.سامي عطا حسن. |
| 250 | _aالطبعة الثانية. | ||
| 264 | 3 | 1 |
_aعمان : _bالمؤلف، _c2011. |
| 300 | _a343 صفحة. | ||
| 490 | 0 | _aسلسلة علوم القرآن الكريم. | |
| 650 | 1 | 7 | _aالعلوم القرآنية. |
| 650 | 1 | 7 | _aالآيات المنسوخة. |
| 650 | 1 | 7 | _aالقرآن. |
| 700 | 1 |
_aحسن، سامي عطا _eمحقق. |
|
| 830 | 0 | _aسلسلة علوم القرآن الكريم. | |
| 942 |
_2ddc _cBK |
||
| 999 |
_c125327 _d125327 |
||